All of Jimmy Buffet's Businesses - Statistics

General Stats
  • This quiz has been taken 11 times
  • The average score is 7 of 35
Answer Stats
Info Type Answer % Correct
Founder Active, 6 locations Airport Restaurant Chain Air Margaritaville
100%
Founder Active, 24 locations Restaurant Chain Margaritaville Restaurant
100%
Founder Active, 11 locations Bar Chain 5 O'Clock Somewhere Bar
50%
Founder Phased out, 23 locations Restaurant Chain Cheeseburger in Paradise Restaurant
50%
Partner Discontinued, active for 5 years Cannabis Product Line Coral Reefer
50%
Founder Active, 3 locations Restaurant Chain JWB Prime Steak & Seafood
50%
Founder Active, 18 locations Restaurant Chain Landshark Bar & Grill
50%
Founder Discontinued, 1 location Entertainment Chain Margaritaville Casino
50%
Founder Active Packaged Food Line Margaritaville Foods
50%
Founder Active, 27 locations Hospitality & Travel Chain Margaritaville Hotels & Resorts
50%
Partner Active Alcohol Brand Margaritaville Spirits
50%
Founder Active, 20 locations Spa Chain St. Somewhere Spa
50%
Author Active Book A Pirate Looks at Fifty
0%
Author Active Book A Salty Piece of Land
0%
Founder Active, 5 locations Hospitality & Travel Chain Camp Margaritaville RV Resorts
0%
Founder Active, 3 locations Hospitality & Travel Chain Compass Hotels by Margaritaville
0%
Composer Closed, 3 production runs Musical Escape to Margaritaville
0%
Founder Active Alcohol Brand Landshark Lager
0%
Investor Ended, active for 8 months Stadium Name Deal LandShark Stadium
0%
Co-Founder Active, 3 villages 55+ Retirement Village Latitude Margaritaville
0%
Founder Active Record Label Mailboat Records
0%
Founder Active Apparel Line Margaritaville Apparel
0%
Founder Active, 2 vessels Cruise Line Margaritaville At Sea
0%
Founder Active, 2 locations Hospitality & Travel Chain Margaritaville Cottages & Home Rentals
0%
Partner Discontinued, active for 2 years Video Game Margaritaville Online
0%
Founder Absorbed by Island Records Record Label Margaritaville Records
0%
Founder Active, 5 locations Hospitality & Travel Chain Margaritaville Timeshare
0%
Founder Active, 2 locations Hospitality & Travel Chain Margaritaville Vacation Club
0%
Founder Active Radio Station Radio Margaritaville
0%
Founder Active Nonprofit Organization Save the Manatee Club
0%
Founder Active Nonprofit Organization Singing For Change
0%
Author Active Book Tales from Margaritaville
0%
Partner Scrapped during production Mobile Game The Margaritaville Game
0%
Founder Active Podcast The Margaritaville Podcast
0%
Author Active Book Where is Joe Merchant?
0%
No matching quizzes found
Score Distribution
Percent of People with Each Score
Percentile by Number Answered
Your Score History
You have not taken this quiz